Film de Bill Murray en images. - Statistiques

Statistiques générales
  • Ce quiz a été pris 17 fois
  • Le résultat moyen est 6 sur 16
Statistiques - réponses
Par images Réponse % Correct
SOS Fantômes
100%
Un jour sans fin
94%
Garfield
88%
Lost in Translation
75%
Space Jam
75%
Bienvenue à Zombieland
38%
Fantastic Mr. Fox
38%
La Vie aquatique
31%
Moonrise Kingdom
31%
Rushmore
25%
Ed Wood
13%
Ant-Man et la Guêpe : Quantumania
6%
Fantômes en fête
6%
La Famille Tenenbaum
6%
L'Homme qui en savait trop... peu
0%
Quoi de neuf, Bob ?
0%
Aucun quiz correspondant
Distribution des résultats
% des personnes avec chaque résultat
Percentile par nombre de réponses
Votre historique - résultats
Vous n’avez pas pris ce quiz